|
|
|
|
| LEADER |
00000nam a2200000Ia 4500 |
| 008 |
180829b2001 cr ||||| |||| 00| | spa d |
| 090 |
|
|
|a 12.06.01
|b 1606 CD #167
|
| 100 |
|
|
|9 2811
|a Souza Silva, José de
|
| 245 |
1 |
3 |
|a La cuestión institucional: de la vulnerabilidad a la sostenibilidad institucional en el contexto de cambio de época /
|c José de Souza Silva, Juan Cheaz Peláez, Johanna Calderón Romero.
|
| 260 |
|
|
|a San José, Costa Rica :
|b Proyecto ISNAR; Nuevo Paradigma,
|c 2001
|
| 300 |
|
|
|a 79 páginas;
|e Acompaña CD
|
| 500 |
|
|
|a Contiene el disco compacto #167
|
| 650 |
1 |
4 |
|a INNOVACIONES
|9 649
|
| 650 |
1 |
4 |
|a CAMBIO ORGANIZACIONAL
|9 473
|
| 650 |
1 |
4 |
|a GLOBALIZACIÓN
|9 266
|
| 700 |
1 |
|
|a Cheaz Peláez, Juan
|9 3720
|
| 700 |
1 |
|
|a Calderón Romero Johanna
|9 4168
|
| 942 |
|
|
|i 003319 ,003320
|h 12.06.01 1606 CD #167
|2 z
|c 01
|
| 942 |
|
|
|i 003319 ,003320
|h 12.06.01 1606 CD #167
|2 z
|
| 999 |
|
|
|c 2055
|d 2055
|